Les 17 notions de philosophie - Statistiques

Statistiques générales
  • Ce quiz a été pris 676 fois
  • Le résultat moyen est 11 sur 17
Statistiques - réponses
Réponse % Correct
Art
79%
Conscience
78%
Bonheur
75%
Religion
72%
Vérité
69%
Etat
67%
Liberté
67%
Justice
66%
Science
66%
Nature
65%
Technique
64%
Travail
64%
Inconscient
59%
Temps
58%
Raison
53%
Langage
50%
Devoir
49%
Aucun quiz correspondant
Distribution des résultats
% des personnes avec chaque résultat
Percentile par nombre de réponses
Votre historique - résultats
Vous n’avez pas pris ce quiz